00869nam a22001577a 4500003000500000005001700005008004100022020001800063082001500081100001600096245008300112250002200195260003000217300002000247505044400267NUST20250826111333.0220726b ||||| |||| 00| 0 eng d a9781980901754 a005.1, KIM aKim, Peter  aThe Hacker Playbook 3 / bPractical Guide To Penetration Testingcby Peter Kim aRed Team Edition  aUSAbSecure Planet c2018 aix, 271: pages  aPregame - The Setup (Page-1), Before the Snap - Red Team Recon (Page-23), The throw - Web Application Exploitation (Page-44), The Drive-Compromising the Network (Page-99), The Screen - Social Engineering (Page-173), The Onside Kick -Physical Attacks (Page-191), The Quarterback Sneak - Evading AV and Networks Detection (Page-211), Special Teams - Cracking, Exploits and Tricks (page-240), Two-Minute Drill - From Zero to Hero (Page-256).